000 00645nam a2200265Ia 4500
005 20260121170848.0
008 008 260114s9999 xx 000 0 eng d
020 _a9783319969718
037 _aEBOOK
040 _aCRL
040 _beng
040 _cCRL
041 _2eng
041 _aeng
084 _qCRL
100 _aSushil K. Sharma, Ajit Varma
_91069086
245 0 _aMicrobial Resource Conservation
260 _bSpringer
260 _bSpringer
260 _c2018
856 _uhttps://link.springer.com/openurl?genre=book&isbn=978-3-319-96971-8
942 _cEBOOK
999 _c1634816
_d1634816